Quizzes
Events
Quiz Creation
Community
Videos
Private Events
Remove Ads
Sign In
Join for FREE
Feedback
Dark Mode
Quiz Categories
Sports
Geography
Music
Movies
Television
Just For Fun
Miscellaneous
History
Literature
Language
Science
Gaming
Entertainment
Religion
Holiday
For Kids
Quiz Lab
Recent
Popular Today
Quiz Kudos Today
Editor Picks
Curator Picks
Quizzes by...
Day
Popularity
Type
Ratings
Length
Year
Community
Subscriptions
Recent Discussions
Orange Saloon
Badges
Playlists
Quests
Create
Leaderboards
Showdown
Live 5
Trivia Bingo
Activity
Puzzle Library
Sporcle Events
Private Events
Virtual Trivia
Globe League
Become a Host
Pub Owners
SporcleCon
Opinionation
Our Games
Videos
Blog
Mobile Apps
Partnerships
Remove Ads and Go Orange
Feedback
Sports
Athletes
MLB
NBA
NHL
NFL
Soccer
Sports Teams
WWE
NCAA
Football
Premier League
Basketball
Baseball
Hockey
Golf
Tennis
Cricket
Rugby
Auto Racing
Olympics
World Cup
Sports
Athletes
MLB
NBA
NHL
NFL
Soccer
Sports Teams
WWE
NCAA
Football
Premier League
Basketball
Baseball
Hockey
Golf
Tennis
Cricket
Rugby
Auto Racing
Olympics
World Cup
Random Quiz
Search Sporcle
×
Quiz Lab
Quiz Lab
Sports
Golf
Type in answers that appear in a list
Type in answers that appear in a list
Classic
Best Score? Go Orange.
2000-2010 Majors Winners (GOLF) Stats
Can you name the 2000-2010 Majors Winners (GOLF)?
By
addis585
10m
44 Questions
366 Plays
366 Plays
366 Plays
Comments
Comments
Give Quiz Kudos
Give Quiz Kudos
-
- Ratings
hide this ad
Replay
Link that replays current quiz
Next Quiz
Link to next quiz in quiz playlist
You Got
0%
They Got
Avg Score
78%
Avg Friend Score
Upgrade to see
Score Distribution
Jump to the score distribution portion of the page
Score
0/44
Timer
10:00
0
Plays Today
Major
% Correct
2001
Tiger Woods
100%
2002
Tiger Woods
100%
2005
Tiger Woods
100%
BRITISH OPEN -
2000
Tiger Woods
100%
2005
Tiger Woods
100%
2006
Tiger Woods
100%
US OPEN -
2000
Tiger Woods
100%
2002
Tiger Woods
100%
2008
Tiger Woods
100%
PGA CHAMPIONSHIP -
2000
Tiger Woods
100%
2006
Tiger Woods
100%
2007
Tiger Woods
100%
2004
Phil Mickelson
98.6%
2006
Phil Mickelson
98.6%
2010
Phil Mickelson
98.6%
2005
Phil Mickelson
98.6%
2002
Ernie Els
87.4%
MASTERS -
2000
Vijay Singh
85.5%
2004
Vijay Singh
85.5%
2007
Zach Johnson
82%
2009
Angel Cabrera
80.9%
2007
Angel Cabrera
80.9%
Major
% Correct
2007
Padraig Harrington
77%
2008
Padraig Harrington
77%
2008
Padraig Harrington
77%
2003
Mike Weir
71%
2010
Graeme McDowell
70.2%
2010
Martin Kaymer
68.9%
2009
Stewart Cink
68%
2003
Jim Furyk
67.2%
2008
Trevor Immelman
65%
2001
Retief Goosen
62.6%
2004
Retief Goosen
62.6%
2001
David Duval
61.7%
2010
Louis Oosthuizen
60.9%
2009
Y.E. Yang
60.9%
2003
Ben Curtis
55.7%
2006
Geoff Ogilvy
53.3%
2009
Lucas Glover
52.7%
2005
Michael Campbell
52.2%
2001
David Toms
50.5%
2004
Todd Hamilton
48.9%
2002
Rich Beem
41.5%
2003
Shaun Micheel
39.9%
Quiz Playlist
Details
Report
Send in Message
Add To Playlist
Classic:
Type in answers that appear in a list
Last Updated: Feb 16, 2017
Quiz Scoreboard
CHALLENGE
Sign Up to Join the Scoreboard
Show All
Scores
Hide
Comments
May contain spoilers
Recently Published
Movies - When Are They Set?
by FPL_Elf
Movies
5m
Popular People in 1961
by mucciniale
History
6m
1-10 Letter E Words III
by El_Dandy
Language
2m
More to Explore
Quiz From the Vault
Featured Blog Post
Where Did the Easter Bunny Come From?
hide this ad
You Might Also Like...
Tags
Golf Quiz
British Open
major
majors
PGA
The Masters
Tiger Woods
US Open
Today's Top Quizzes in Sports
Browse Sports
hide this ad
Today's Top Quizzes in Golf
Browse Golf
Top Contributed Quizzes in Sports
1
Les meilleurs buteurs des matchs entre le PSG et l’OM
2
FIFA Club World Cup Champions
3
Les entraîneurs de l'OM et du PSG au 21e siècle
4
2022 World Cup Stars
5
Name the Premier League winners with different clubs
6
La finale Lions - Afrique du Sud 2021
7
Criteria MLB: Left Handed Sluggers
8
Les joueurs passés par le LOSC et le RC Lens
9
Players with Multiple 50 Home Run Seasons
10
MLB Players with Two .350 Batting Average Seasons
Explore More
Trending Topics
Disney
Marvel
NBA
Anime
Kpop
Harry Potter
Crossword
Pokémon
Soccer
WWE
Country
The Office
NFL
Puzzle
Song
hide this ad
More By:
addis585
Quiz
Plays
Rating
Category
Featured
Created
'09-'10 NBA All Stars Alma Mater
1,649
3.17
Sports
Jan 29, 2010
2000-2010 Majors Winners (GOLF)
366
5.00
Sports
Apr 6, 2011
MVP/Cy Young Runners Up - 2000's
276
5.00
Sports
Jan 29, 2010
NFL Teams Based on Points Forced/Allowed
54
2.67
Sports
Jan 29, 2010
Go to Creator's Profile
Score Distribution
Quiz Creator Spotlight
addis585
Follow
Send a Message
Quizzes Created
-
Created Quiz Play Count
-
More By This Creator
Popular Quizzes Today
1
Find the US States - No Outlines Minefield
2
Find the Countries of Europe - No Outlines Minefield
3
The Countries of the World
4
Popular People in 1961
5
1-10 Letter E Words III
6
US States
7
Find the US States
8
One Thing in Common: World Cities II
More Sports Quizzes
Every WWE Royal Rumble Entrant from 2008-2016
Quiz Lab
Trending Quizzes
Risky Map Clicking: Least Populous States A-Z
1-10 Letter F Words
Humor Books: The Subtitles
1-10 Letter G Words
One Thing in Common: United Kingdom
Recently Updated
Leaping Animals
pecheneg
Reality TV Shows (A-Z)
bhenderson79
Rickey Henderson's Hall of Fame Teammates
pecheneg
Champions League XIs: Arsenal
pecheneg
Quick Pick: Celebrities in WWE's Hall of Fame
aduchscher
A-Z Keypad Blitz II
pecheneg
Multiple Oscar Actors
pecheneg
Mystery Phrase Blitz: Oscar 'Best Actors'
pecheneg
F. Scott Fitzgerald Novels
LTH
Pick 3 Villains
ddd62291
Trending Topics
Marvel
NBA
Harry Potter
Disney
Anime
Crossword
Kpop
Country
The Office
Song
Pokémon
Soccer
WWE
NFL
Puzzle
Your Account Isn't Verified!
In order to create a playlist on Sporcle, you need to verify the email address you used during registration. Go to your
Sporcle Settings
to finish the process.
Report this User
Report this user for behavior that violates our
Community Guidelines
.
Details:
Send Report
Go to the Sporcle.com Mobile Site →
Comments